000
00264nam a2200097Ia 4500
001
1101927
005
20250827003312.0
008
250824s9999 xx 000 0 und d
245
0
_a
YAKIN TARİHİN KARA DELİKLERİ
_c
MUSTAFA ARMAĞAN
260
_b
KETEBE YAYINLARI
999
_c
1101927
_d
1101927